Statistiken für Größte Stadt beginnend mit Y in Diesem Land

Klicken Sie hier um das Quiz zu spielen!

Allgemein

  • Dieses Quiz wurde 90 mal gespielt
    (89 seit der letzten Aktualisierung)
  • Das Durchschnittsergebnis liegt bei 3 aus 7

Antwortstatistiken

CountryY City% Korrekt
Vereinigtes KönigreichYork
87%
JapanYokohama
66%
KamerunYaoundé
62%
ElfenbeinküsteYamoussoukro
53%
SchwedenYstad
29%
Vereinigte StaatenYonkers
6%
ChinaYangzhou
3%

Verteilung der Resultate

Perzentil nach korrekt beantworteten Fragen

Anzahl Personen mit jedem Resultat

Ihre Resultats-Entwicklung

Sie haben dieses Quiz seit der letzten Aktualisierung nicht gespielt